Catálogo

Manual de historia de España. (Registro nro. 64418)

Detalles MARC
000 -LEADER
fixed length control field 01131cam a2200289 i 4500
001 - CONTROL NUMBER
control field 64418
003 - CONTROL NUMBER IDENTIFIER
control field Mx-PuUPA
005 - DATE AND TIME OF LATEST TRANSACTION
control field 20220408112815.0
008 - FIXED-LENGTH DATA ELEMENTS--GENERAL INFORMATION
fixed length control field 160310s1959 sp ab gre 000 0 spa d
040 ## - CATALOGING SOURCE
Original cataloging agency Mx-PuUPA
Language of cataloging spa
Description conventions rda
Transcribing agency Mx-PuUPA
Modifying agency Mx-PuUPA
041 0# - LANGUAGE CODE
Language code of text/sound track or separate title spa
100 1# - MAIN ENTRY--PERSONAL NAME
Personal name Aguado Bleye, Pedro,
Dates associated with a name 1884-1953
Relator term autor
9 (RLIN) 12445
245 10 - TITLE STATEMENT
Title Manual de historia de España.
Number of part/section of a work Tomo III.
Name of part/section of a work Casa de Borbón(1700-1808), España Contemporánea (1808-1955) /
Statement of responsibility, etc. por Pedro Aguado Bleye y Cayetano Alcázar Molina
246 10 - VARYING FORM OF TITLE
Title proper/short title Casa de Borbón(1700-1808), España Contemporánea (1808-1955)
250 ## - EDITION STATEMENT
Edition statement Octava edición /
Remainder of edition statement refundida
264 #1 - PRODUCTION, PUBLICATION, DISTRIBUTION, MANUFACTURE, AND COPYRIGHT NOTICE
Place of production, publication, distribution, manufacture Madrid :
Name of producer, publisher, distributor, manufacturer Espasa-Calpe,
Date of production, publication, distribution, manufacture, or copyright notice 1959
300 ## - PHYSICAL DESCRIPTION
Extent 1057 páginas, 3 hojas sin numerar, 3 hojas plegadas sin numerar :
Other physical details ilustraciones, mapas ;
Dimensions 25 cm
336 ## - CONTENT TYPE
Content type term texto
Content type code txt
Fuente rdacontent
336 ## - CONTENT TYPE
Content type term imagen fija
Content type code sti
Fuente rdacontent
337 ## - MEDIA TYPE
Media type term sin medio
Media type code n
Source rdamedia
338 ## - CARRIER TYPE
Carrier type term volumen
Carrier type code nc
Source rdacarrier
651 #4 - SUBJECT ADDED ENTRY--GEOGRAPHIC NAME
Geographic name España
General subdivision Historia
700 1# - ADDED ENTRY--PERSONAL NAME
Personal name Alcázar Molina, Cayetano,
Relator term autor
942 ## - ADDED ENTRY ELEMENTS (KOHA)
Koha item type Libro
Source of classification or shelving scheme Dewey Decimal Classification
Classification part 946
Item part A282
Existencias
Withdrawn status Lost status Source of classification or shelving scheme Damaged status Not for loan Collection code Home library Current library Shelving location Date acquired Source of acquisition Serial Enumeration / chronology Total Checkouts Full call number Barcode Date last seen Price effective from Koha item type
    Dewey Decimal Classification     Referencia Biblioteca Karol Wojtyla Biblioteca Karol Wojtyla Área de silencio 03/12/2013 Compra t.3   946 A282 1959 69848 05/01/2026 03/12/2013 Libro R